000 00365nam a2200157Ia 4500
003 Ost
005 20260225132545.0
008 260225s9999||||xx |||||||||||||| ||und||
040 _cfsic
041 _afre
082 _a440
100 _aPîerre Limagne
_eAuteur
245 0 _aJournalistes sous trois republiques /
245 0 _cPîerre Limagne
942 _cكتاب
999 _c33801
_d33801